000 01156cam a2200325 a 4500
001 2415
003 FISKH
005 20240304151613.0
008 080108s2008 nyua j b 001 0 eng
010 _a 2008000690
020 _a9780531138687 (lib. bdg.)
020 _a0531138682 (lib. bdg.)
020 _a9780531205266
040 _aDLC
_cDLC
_dDLC
_beng
050 0 0 _aBF724
_b.H79 2008
082 0 0 _a155.5
_222
100 1 _aHugel, Bob,
_d1964-
245 1 0 _aI did it without thinking :
_btrue stories about impulsive decisions that changed lives /
_cBob Hugel.
260 _aNew York :
_bScholastic,
_c2008.
300 _a112 pages :
_billustrations ;
_c21 cm
505 0 _aZ
520 _aA collection of true stories from teens who made impulsive decisions that ultimately changed their lives.
521 8 _a900
_bLexile
521 8 _aZ
_bRaz-Plus
650 0 _aAdolescent psychology
_vJuvenile literature.
650 0 _aRisk-taking (Psychology) in adolescence
_vJuvenile literature.
650 0 _aDecision making in adolescence
_vJuvenile literature.
906 _a7
_bcbc
_corignew
_d1
_eecip
_f20
_gy-gencatlg
942 _2ddc
_cBK
_n0
999 _c2415
_d2415